| 000 | 00728nam a2200253Ia 4500 | ||
|---|---|---|---|
| 003 | OSt | ||
| 005 | 20220926004613.0 | ||
| 006 | a|||||r|||| 00| 0 | ||
| 007 | ta | ||
| 008 | 220923b |||||||| |||| 00| 0 eng d | ||
| 020 | _a9780415585767 | ||
| 037 | _cGeneral Book | ||
| 040 |
_aRTL _cRTL _beng |
||
| 041 |
_2eng _aeng |
||
| 082 | _aY5923.213, Q0 | ||
| 100 |
_aBairy Ramesh T.S. _9308970 |
||
| 245 | 0 |
_aBeing Brahmin being modern _b Exploring the lives of caste today |
|
| 260 |
_a New Delhi _bRoutledge _c2010 |
||
| 300 |
_axi, 357p _ccm. |
||
| 500 | _aBibliography: P 326-43 | ||
| 650 | _aSociology | ||
| 942 |
_hY5923.213, Q0 _cGB _2CC |
||
| 999 |
_c611722 _d611722 |
||